Male Anatomy Quiz - Statistics

General Stats
  • This quiz has been taken 192 times
  • The average score is 6 of 12
Answers on the Map
Answers color-coded by a green-red scale on the quiz's map according to % correct below.
 
Answer Stats
Parts % Correct
Penis
95%
Anus and Rectum
76%
Testis
76%
Bladder
74%
Prostate Gland
69%
Pubic Bone
33%
Seminal Vesicle
33%
Ejaculatory Duct
28%
Epididymis and Vas Deferens
26%
Cowper's Gland
21%
Sigmoid Colon
12%
Corpus Cavernosum
9%
No matching quizzes found
Score Distribution
Percent of People with Each Score
Percentile by Number Answered
Your Score History
You have not taken this quiz